LEADER 01214nam a2200289 u 4500 001 000000039230 003 CaOOAMICUS 005 20070226113951.0 008 980506s1991 it u000 u ita u 020 $a8809006682 035 $a10793825 040 $aPUL(R)$bita 100 1 $aLana, Italo.$0(OLS)http://pul/name/10516 245 12$aL'idea della pace nell'antichità /$cItalo Lana. 260 $aS. Domenico di Fiesole :$bEdizioni Cultura della Pace,$cc1991. 300 $a214 p. ;$c20 cm 490 1 $aEnciclopedia della pace.$aTesti/Documenti ;$v10 504 $aBibliografia in nota. 650 4$aPace$xEvo antico.$0(OLS)http://pul/subject/14385 830 0$aEnciclopedia della pace.$pTesti/Documenti ;$v10.$0(OLS)http://pul/title/53120 850 $aPUL 852 $aPUL$W1$xSL Diritto e Scienze Sociali 1$y4$m183 F 71$j53364$nBK-PRI$b $qStampati$B53364$CPULBib$Z2$F53364 $H $81 941 1 $a8 961 $aINV: 72964 996 $6020$a8809006682$9(OLS)http://pul/number/48827 996 $6245$aL'idea della pace nell'antichità$9(OLS)http://pul/title/53119 996 $6260$aS. Domenico di Fiesole :$bEdizioni Cultura della Pace$9(OLS)http://pul/publisher/63963 LEADER 01361nam a2200289 u 4500 001 000000108519 003 CaOOAMICUS 005 20071128143612.0 008 071128s1998 it u000 u ita u 020 $a88-85669-69-7 040 $aPUL$bita$dBc 245 02$aI capitolari italici : storia e diritto della dominazione carolingia in Italia /$ca cura di Claudio Azzara e Pierandrea Moro ; presentazione di Stefano Gasparri. 260 $aRoma :$bViella,$c1998. 300 $a310 p. ;$c21 cm. 490 1 $aAltomedioevo ;$v1 650 4$aCapitolari$xStoria.$0(OLS)http://pul/subject/16509 650 4$aCarolingi$xPolitica$yMedioevo.$0(OLS)http://pul/subject/13909 700 1 $aAzzara, Claudio,$d1964-$0(OLS)http://pul/name/24206 700 1 $aMoro, Pierandrea.$0(OLS)http://pul/name/66512 700 1 $aGasparri, Stefano.$0(OLS)http://pul/name/13411 830 0$aAltomedioevo ;$v1.$0(OLS)http://pul/title/136548 850 $aPUL 852 $aPUL$W1$xSL Diritto e Scienze Sociali 1$y4$m181 G 13$j123682$qStampati$B122614$CPULBib$Z2$F122614 $H78199 $82 941 1 $a8 996 $6020$a88-85669-69-7$9(OLS)http://pul/number/136414 996 $6245$aI capitolari italici : storia e diritto della dominazione carolingia in Italia$9(OLS)http://pul/title/136546 996 $6260$aRoma :$bViella$9(OLS)http://pul/publisher/54599